000 00566nam a2200193Ia 4500
001 13310
008 140402s9999 xx 000 0 und d
020 _a0-471-58548-3
040 _cPK-LaUMT
082 _a 657.068
_bROS-C
100 _aNadolny, Paul R., J.T.
245 _aCPA firm administration handbook
_cNadolny, Paul R., J.T.<>Rosenberg, Marc L.
260 _aNew York,USA:
_bJohn Wiley & Sons,
_c1995
300 _a338 p.
546 _aEN
650 _aAccounting firms-Management-Handbooks, manuals, etc.
700 _aRosenberg, Marc L.
942 _cBK
999 _c13995
_d13995